Internacionalizácia európskych malých a stredných podnikov diplomová práca

Na minha lista:
Detalhes bibliográficos
Autor principal: Vyskočilová, Lucia
Autor Corporativo: Obchodná fakulta EU. Katedra medzinárodného obchodu
Outros Autores: Škorvagová, Simona
Formato: Livro
Idioma:eslovaco
Publicado em: Bratislava 2015
Tags: Adicionar Tag
Sem tags, seja o primeiro a adicionar uma tag!

MARC

LEADER 00000nbm a2200000 4500
001 0201413
005 20161212103623.1
041 0 |a slo 
044 |a SK 
245 1 0 |a Internacionalizácia európskych malých a stredných podnikov  |b diplomová práca  |c Lucia Vyskočilová ; školiteľ: Simona Škorvagová 
264 1 |a Bratislava  |c 2015 
300 |a 86 s. 
100 1 |a Vyskočilová, Lucia 
700 1 |a Škorvagová, Simona 
710 2 |a Obchodná fakulta EU. Katedra medzinárodného obchodu